000 00282nam a22001217a 4500
008 171027b xxu||||| |||| 00| 0 eng d
041 _aeng
080 _a311
100 _a56
101 _aSTA
245 _aSTATISTICS FOR MODERN BUSSINESS DECISION
_cLAPIN.L.
942 _2udc
_cBK
999 _c36187
_d36187